• 首页
  • 本馆介绍
  • 公告通知
  • 最新文献
  • 馆藏检索
  • 电子资源
  • 读者导购
  • 参考咨询
  • 我的图书馆
  • 登录
  • 详细信息显示
  • 放入我的书架
  • 预约/预借图书
  • 作者相关作品
  • 分类相关作品
  • 丛书相关作品
  • 出版社相关作品

书目信息

  • 表格格式
  • 工作单格式
  • 卡片格式
题名:
有机精细化学品工业污染综合防治最佳可行技术
    
 
作者: ;周岳溪 译 ;欧盟委员会 编著
分册:  
出版信息: 北京   化学工业出版社  2016
页数: 317页
开本: 26cm
丛书名: 污染综合防治最佳可行技术参考丛书
单 册:
中图分类: X783
科图分类:
主题词: 精细化工--有机化工--化工生产--工业污染防治--研究
电子资源:
ISBN: 978-7-122-24921-0
000 01389nam0 2200277 450
001 3359
005 20160926093407.01
010    @a978-7-122-24921-0@b精装@dCNY138.00
100    @a20160106d2016 em y0chiy50 ea
101 1  @achi@ceng
102    @aCN@b110000
105    @aa z 000yy
200 1  @a有机精细化学品工业污染综合防治最佳可行技术@9you ji jing xi hua xue pin gong ye wu ran zong he fang zhi zui jia ke xing ji shu@dReference document on best available techniques for the manufacture of organic fine chemicals@zeng@f欧盟委员会联合研究中心编著@g周岳溪等译
210    @a北京@c化学工业出版社@d2016
215    @a317页@c图@d26cm
225 1  @a污染综合防治最佳可行技术参考丛书
304    @a环境保护部科技标准司组织编译
305    @aEuropean Communities授权出版
330    @a本书以欧盟有机精细化学品工业的污染综合控制的可行技术(BAT)为主要内容,系统介绍了欧盟有机精细化学品生产和污染控制技术现状,并详细介绍了有机精细化学品生产行业污染控制的通用BAT技术以及重点有机精细化学品的生产与污染控制BAT技术。
510 1  @aReference document on best available techniques for the manufacture of organic fine chemicals@zeng
606 0  @a精细化工@x有机化工@x化工生产@x工业污染防治@x研究
690    @aX783@v5
702  0 @a周岳溪@9zhou yue xi@4译
711 02 @a欧盟委员会@9ou meng wei yuan hui@b联合研究中心@4编著
801  0 @aCN@b唐山师范学院图书馆@c20151001
905    @aZUCC@dX783@e199
    
    有机精细化学品工业污染综合防治最佳可行技术=Reference document on best available techniques for the manufacture of organic fine chemicals/欧盟委员会联合研究中心编著/周岳溪等译.-北京:化学工业出版社,2016
    317页:图;26cm.-(污染综合防治最佳可行技术参考丛书)
    
    
    ISBN 978-7-122-24921-0(精装):CNY138.00
    本书以欧盟有机精细化学品工业的污染综合控制的可行技术(BAT)为主要内容,系统介绍了欧盟有机精细化学品生产和污染控制技术现状,并详细介绍了有机精细化学品生产行业污染控制的通用BAT技术以及重点有机精细化学品的生产与污染控制BAT技术。
●
相关链接 在E读中查询图书 在五车中查询图书 在当当中查询图书 在豆瓣中查询图书


正题名:有机精细化学品工业污染综合防治最佳可行技术     索取号:X783/199         预约/预借

序号 登录号 条形码 馆藏地/架位号 状态 备注
1 904908   209049082   第二样本阅览室/ [索取号:X783/199] 在馆    
2 904909   209049091   密集书库-化学系/ [索取号:X783/199] 在馆    
3 904910   209049108   第三借阅区/ [索取号:X783/199] 在馆    
唐山师范学院图书馆 欢迎您!
大连网信软件有限公司© 版权所有